000 00694nam a2200241Ia 4500
003 OSt
005 20220927105637.0
006 a|||||r|||| 00| 0
007 ta
008 220926b |||||||| |||| 00| 0 eng d
020 _a333 21297 5
024 _a180049
037 _cReference Collections
040 _aRTL
_cRTL
_beng
041 _2eng
_aeng
082 _a"X:75.1(X).N75, L5"
100 _aKAY Geoffrey
_9373873
245 0 _aDevelopment and underdevelopment
_b A Marxist analysis.
260 _aLondon
_bThe MacMillan press
_c1975
300 _a"x,194p."
_ccm.
942 _h"X:75.1(X).N75, L5"
_cCC
999 _c693581
_d693581